| 000 | 00555nam a2200181 i 4500 | ||
|---|---|---|---|
| 001 | 99380 | ||
| 003 | ES-MaACL | ||
| 005 | 20230906182504.0 | ||
| 007 | t| | ||
| 008 | 050907s1969 sp ||||1| spa d | ||
| 100 | 1 |
_aMartín Recuerda, José. _977623 |
|
| 245 | 1 | 3 |
_aEl teatrito de Don Ramón _b: Las salvajes en el puente San Gil; El Cristo / _cJosé Martín Recuerda. |
| 260 |
_aMadrid : _bTaurus, _c1969. |
||
| 300 |
_a232 p. ; _c18 cm. |
||
| 740 | 4 | _aLas salvajes en puente san gil;. | |
| 740 | 3 | _aEl cristo. | |
| 852 |
_aES-MaACL _jC-40218 _bR.70945 |
||
| 999 |
_c99380 _d99380 |
||